Nguyễn Ái Quốc-Hồ Chí Minh
Shranjeno v:
| Glavni avtor: | |
|---|---|
| Format: | Knjiga |
| Izdano: |
Đồng Nai
tổng hợp Đồng Nai
2005
|
| Teme: | |
| Oznake: |
Označite
Brez oznak, prvi označite!
|
| Thư viện lưu trữ: | Trung tâm Học liệu Lê Vũ Hùng, Trường Đại học Đồng Tháp |
|---|
| LEADER | 00797pam a22002178a 4500 | ||
|---|---|---|---|
| 001 | 00041098 | ||
| 005 | 20180320080357.0 | ||
| 008 | 110423s1997 ||||||Viesd | ||
| 020 | # | # | |c 9600 |
| 041 | 0 | # | |a Vie |
| 082 | 1 | 4 | |a 809.807 |b NG527A |
| 100 | 0 | # | |a Nguyễn, Bích Thuận |e Tập hợp và giới thiệu |
| 245 | 0 | 0 | |a Nguyễn Ái Quốc-Hồ Chí Minh |c Nguyễn Bích Thuận (Tập hợp và giới thiệu) |
| 260 | # | # | |a Đồng Nai |b tổng hợp Đồng Nai |c 2005 |
| 300 | # | # | |a 160tr. |c 21cm. |
| 650 | # | 4 | |a Hồ Chí Minh |
| 650 | # | 4 | |a Nghiêm cứu văn học |
| 653 | # | # | |a Văn học hiện đại |
| 852 | # | # | |j KD.0022803 |
| 910 | |d 20/03/2018 | ||
| 980 | # | # | |a Trung tâm Học liệu Lê Vũ Hùng, Trường Đại học Đồng Tháp |